| 000 | 01321nam a22002537a 4500 | ||
|---|---|---|---|
| 001 | 4448 | ||
| 003 | FISKH | ||
| 005 | 20240910103213.0 | ||
| 008 | 240910b cb ||||| |||| 00| 0 eng d | ||
| 020 | _a9780545133821 | ||
| 040 |
_aFISKH _beng _cFISKH _dFISKH |
||
| 050 | _aPZ7.R5628 | ||
| 082 | _2658 | ||
| 100 |
_aRobinson, Barbara _d(1927–2013) |
||
| 245 |
_aThe best halloween ever / _cBarbara Robinson |
||
| 250 | _aFirst printing 2008 | ||
| 260 |
_aNew York : _bScholastic, _c2008. |
||
| 300 |
_a117 pages : _c20 cm |
||
| 520 | _aThe Herdmans plus Halloween have always spelled disaster. Every year these six kids -- the worst in the history of Woodrow Wilson School, and possibly even the world -- wreak havoc on the whole town. They steal candy, spray-paint kids, and take anything that's not nailed down. Now the mayor has had it. He's decided to cancel Halloween. There won't be any Herdmans to contend with this year, but there won't be any candy, either. And what's Halloween without candy? And without trick-or-treating? The Herdmans manage to turn the worst Halloween ever into the best Halloween ever in this uproarious sequel to The Best Christmas Pageant Ever. | ||
| 650 |
_2Fiction _aFunny _vFamily _xBrothers and sisters |
||
| 650 |
_2Holidays _aHumor _vSchool |
||
| 942 |
_2ddc _cBK _n0 |
||
| 999 |
_c4448 _d4448 |
||